00761nam a22001697a 4500003000900000008004100009040007100050082001800121245006200139260005900201300003000260440003900290505017100329650001400500650002600514700005100540AR-CdUCM190322b ||||| |||| 00| 0 spa d aMUNICIPALIDAD PROVINCIAL DEL CUSCOcBIBLIOTECA MUNICIPAL DEL CUSCO a869.7 /bUS93 aJuan Vicente Gonzalez :bhistoria y pasion de venezuela / aMéxico :bTalleres gráficos de la Nación,c1950. a102 páginas ;c19.5 cm. aUnión panamericana - Washington. aContenido : Biografía del general José Félix Ribas -- Mesenianas -- Páes -- A Téofilo E. Rojas -- Andrés Avelino Pinto -- Andrés Bello -- Fermín Toro. aAnalisis  aLiteratura venezolana aUslar-Pietri, Arturo (selección y prólogo)